Normal view
MARC view
- Spaight, J. M
Entry Personal Name
001 - CONTROL NUMBER
- control field: 49842
003 - CONTROL NUMBER IDENTIFIER
- control field: NUST
005 - DATE AND TIME OF LATEST TRANSACTION
- control field: 20210314134444.0
008 - FIXED-LENGTH DATA ELEMENTS
- fixed length control field: 210314|| aca||aabn | a|a d
040 ## - CATALOGING SOURCE
- Original cataloging agency: NUST
- Transcribing agency: NUST
100 ## - HEADING--PERSONAL NAME
- Personal name: Spaight, J. M
670 ## - SOURCE DATA FOUND
- Source citation: Work cat.: (NUST): Spaight, J. M., Air power in the next war,, [1938]
